Normale Ansicht MARC-Ansicht ISBD

Kunst und Künstler im Sowjetstaat (Titelsatznr. 49211)

[ MARC ]
MARC-Details
000 -Satzkennung
Kontrollfeld mit fester Länge 00517nam a22002171c 4500
001 - Kontrollnummer
Kontrollfeld a987689157
008 - Feld mit fester Länge zur physischen Beschreibung - Allgemeine Angaben
Kontrollfeld mit fester Länge 180312s1961 gw |||| 000u ger d
041 ## - Sprachcode
Sprachcode des Textes/der Tonspur oder des separaten Titels ger
040 ## - Katalogisierungsquelle
Übertragungsstelle RU-10907106
003 - Kontrollnummer Identifier
Kontrollfeld RU-10907106
100 1# - Haupteintragung - Personenname
Personenname Jelagin, Juri
240 10 - Einheitstitel
Einheitstitel Taming of the arts
245 00 - Titel
Titel Kunst und Künstler im Sowjetstaat
264 ## - Produktion, Veröffentlichung, Distribution, Herstellung und Urheberrechtsvermerk
Herstellungs-, Veröffentlichungs- Vertriebs-, Erzeugungsort Hamburg :
Produzent, Herausgeber, Distributor, Hersteller Fischer,
Datum der Herstellung, der Veröffentlichung, des Vertriebs oder des Urheberschutzvermerks 1961
300 ## - Physische Beschreibung
Umfang 213 S.
490 #0 - Gesamttitelangabe
Gesamttitelangabe Zähmung der Künste
650 #0 - Nebeneintragung unter einem Schlagwort - Sachschlagwort
Sachschlagwort oder geografischer Name als Eintragungselement Kunst
650 #0 - Nebeneintragung unter einem Schlagwort - Sachschlagwort
Sachschlagwort oder geografischer Name als Eintragungselement Musik
651 #0 - Nebeneintragung unter einem Schlagwort - Geografischer Name
Geografischer Name Sowjetunion
942 ## - Zusätzliche Felder (Koha)
Koha-Medientyp Monographien
Exemplare
Ausgeschieden Verloren Klassifikation oder Aufstellungssystematik Beschädigt Nicht entleihbar Heimatbibliothek Aufenthaltsbibliothek Aufstellungsort Erwerbungsdatum Inventarnummer Signatur Barcode Letzte Aktivität Preis gültig von Koha-Medientyp
    Andere/Generische Klassifikation     MWN Osteuropa MWN Osteuropa Magazin - 2 12/03/2018 18-00442 Ersatzß R 62 v Ela E004015073CA58C9 23/02/2021 22/03/2021 Monographien